Examining reading research and practice in assessing second language reading
Salvato in:
| Autore principale: | |
|---|---|
| Altri autori: | |
| Natura: | Libro |
| Lingua: | inglese |
| Pubblicazione: |
Cambridge
Cambridge University Press
2009
|
| Serie: | Studies in language testing
29 |
| Soggetti: | |
| Tags: |
Nessun Tag, puoi essere il primo ad aggiungerne!!
|
MARC
| LEADER | 00000nam a2200000 4500 | ||
|---|---|---|---|
| 001 | 0193621 | ||
| 005 | 20240229075119.8 | ||
| 020 | |a 978-0-521-73671-8 | ||
| 041 | 0 | |a eng | |
| 044 | |a GB | ||
| 245 | 1 | 0 | |a Examining reading |b research and practice in assessing second language reading |c Hanan Khalifa and Cyril J. Weir |
| 264 | 1 | |a Cambridge |b Cambridge University Press |c 2009 | |
| 300 | |a 342 s. | ||
| 490 | 1 | |a Studies in language testing |v 29 | |
| 830 | 0 | |a Studies in language testing |v 29 | |
| 610 | 2 | 0 | |a jazykoveda |
| 610 | 2 | 0 | |a vyučovanie |
| 610 | 2 | 0 | |a vzdelávanie |
| 610 | 2 | 0 | |a angličtina |
| 610 | 2 | 0 | |a cudzinci |
| 610 | 2 | 0 | |a študenti |
| 610 | 2 | 0 | |a schopnosti pracovné |
| 610 | 2 | 0 | |a testy |
| 100 | 1 | |a Khalifa, Hanan | |
| 700 | 1 | |a Weir, Cyril J. | |